Skupinová a komunitní práce s rodinami v rámci služby rané péče : absolventská práce / Zuzana Žižková ; vedoucí práce Marie Vorlová
Record details
- Physical Description: 46 stran ; 31 cm
Content descriptions
| Dissertation Note: | Absolventská práce (Dis.), Jabok - Vyšší odborná škola sociálně pedagogická a teologická, 2015 |
| Bibliography, etc. Note: | Obsahuje bibliografii |
Search for related items by subject
| Genre: | absolventské práce |
Available copies
- 1 of 1 copy available at Common Catalog SPOK.
Holds
- 0 current holds with 1 total copy.
Show Only Available Copies
| Location | Call Number / Copy Notes | Barcode | Shelving Location | Status | Due Date |
|---|---|---|---|---|---|
| Jabok Library | ABP-2129 | 424480037277 | Absolventské práce | Reference | - |
Electronic resources
Version of Resource: Plný text
| LDR | ntm a22 i 4500 | ||
|---|---|---|---|
| 001 | 23439 | ||
| 003 | CZ-PrJAB | ||
| 005 | 20180312102749.0 | ||
| 007 | ta | ||
| 008 | s2015 xr e 000 0 cze | ||
| 040 | . | ‡aABG312 ‡bcze ‡erda | |
| 041 | 0 | . | ‡acze ‡beng |
| 072 | 7. | ‡a364-1/-7 ‡xDruhy sociální pomoci a služeb ‡2Konspekt ‡918 | |
| 100 | 1 | . | ‡aŽižková, Zuzana ‡4aut |
| 245 | 1 | 0. | ‡aSkupinová a komunitní práce s rodinami v rámci služby rané péče : ‡babsolventská práce / ‡cZuzana Žižková ; vedoucí práce Marie Vorlová |
| 264 | 0. | ‡c2015 | |
| 300 | . | ‡a46 stran ; ‡c31 cm | |
| 336 | . | ‡atext ‡btxt ‡2rdacontent | |
| 337 | . | ‡abez média ‡bn ‡2rdamedia | |
| 338 | . | ‡asvazek ‡bnc ‡2rdacarrier | |
| 502 | . | ‡aAbsolventská práce (Dis.), Jabok - Vyšší odborná škola sociálně pedagogická a teologická, 2015 | |
| 504 | . | ‡aObsahuje bibliografii | |
| 653 | 0 | . | ‡araná péče ‡apostižené děti ‡askupinová práce ‡akomunitní práce ‡asociální práce |
| 655 | 7. | ‡aabsolventské práce ‡7ph202176 ‡2czenas | |
| 700 | 1 | . | ‡aVorlová, Marie ‡4ths |
| 710 | 2 | . | ‡aJabok - Vyšší odborná škola sociálně pedagogická a teologická |
| 856 | 4 | 1. | ‡uhttp://is.jabok.cz/th/w4ndx/ ‡yPlný text |
| 910 | . | ‡aABG312 | |
| 901 | . | ‡a23439 ‡b ‡c23439 ‡tbiblio | |